000 01609nam a2200361 a 4500
001 ebr10661515
003 CaPaEBR
006 m u
007 cr cn|||||||||
008 120911s2013 njua sb 001 0 eng d
010 _z 2012034409
020 _z9781118221907 (e-book)
040 _aCaPaEBR
_cCaPaEBR
035 _a(OCoLC)834620258
050 1 4 _aHD9502.A2
_bE54 2013eb
082 0 4 _a333.79
_223
245 0 0 _aEnergy finance
_h[electronic resource] :
_banalysis and valuation, risk management, and the future of energy /
_ceditors, Betty J. Simkins, Russell E. Simkins.
260 _aHoboken, N.J. :
_bWiley,
_cc2013.
300 _axi, 606 p. :
_bill.
490 1 _aThe Robert W. Kolb series in finance
504 _aIncludes bibliographical references and index.
505 0 _apt. 1. An overview of energy finance and economics -- pt. 2. Financial and economic analysis in the energy industry -- pt. 3. Energy risk management and related topics -- pt. 4. Case studies.
533 _aElectronic reproduction.
_bPalo Alto, Calif. :
_cebrary,
_d2013.
_nAvailable via World Wide Web.
_nAccess may be limited to ebrary affiliated libraries.
650 0 _aEnergy industries
_xFinance.
650 0 _aEnergy policy.
650 0 _aRenewable natural resources.
655 7 _aElectronic books.
_2local
700 1 _aSimkins, Betty J.,
_d1957-
700 1 _aSimkins, Russell E.
710 2 _aebrary, Inc.
830 0 _aRobert W. Kolb series in finance.
856 4 0 _uhttp://site.ebrary.com/lib/rucke/Doc?id=10661515
_zAn electronic book accessible through the World Wide Web; click to view
999 _c66813
_d66813